书目信息 |
| 书名: | NEW YORK | |
| 作者: | By Dennis Brindell Fradin | |
| 分册号: | ||
| 分册名: | 出版地: | New York |
|
| 出版社: | CHILDREN'S PRESS | |
| 出版时间: | 1993 | |
| 页数: | 64p | |
| 开本: | 23cm | |
| 丛书名: | ||
| 中图分类号: | ||
| 科图分类号: | ||
| 其他分类号: | K712 | |
| 主题词: | ||
| 电子资源: | ||
| 000 | 00494nam0 2200193 450 | |
| 001 | 052012181684 | |
| 005 | 20121107103318.0 | |
| 008 | 20021229d1997 em y0chiy0121 ea | |
| 020 | @a978-0-5164-3832-0@c$10.99 | |
| 041 | @aeng | |
| 091 | @aK712 | |
| 099 | @dK712@eB9931 | |
| 100 | @aBy Dennis Brindell Fradin | |
| 245 | 10 | @aNEW YORK @cBy Dennis Brindell Fradin |
| 260 | @aNew York@bCHILDREN'S PRESS@c1993 | |
| 300 | @a64p@c23cm | |
| 521 | @aNEW YORK | |
| 905 | @b5560-2 | |
| 905 | @aTSG@dK712@eB9931 | |
| NEW YORK / By Dennis Brindell Fradin.-New York : CHILDREN'S PRESS , 1993 |
| 64p ; 23cm |
| NEW YORK |
| ISBN 978-0-5164-3832-0$10.99 |
| ● |
| 相关链接 |
|
|
|
正题名:NEW YORK
索取号:K712/B9931
 
预约/预借
| 序号 | 登录号 | 条形码 | 馆藏地/架位号 | 状态 | 备注 |
| 1 | 5560 | 300055605 | 社科库309/309社科库 995排1列1层/ [索取号:K712/B9931] | 在馆 | |
| 2 | 5561 | 300055614 | 社科库309/309社科库 995排1列1层/ [索取号:K712/B9931] | 在馆 | |
| 3 | 5562 | 300055623 | 社科库309/309社科库 995排1列1层/ [索取号:K712/B9931] | 在馆 |